Carta imaginaria / (Record no. 24538)
[ view plain ]
| 000 -CABECERA | |
|---|---|
| campo de control de longitud fija | 00648nam a2200193 a 4500 |
| 001 - NÚMERO DE CONTROL | |
| campo de control | 000025045 |
| 005 - FECHA Y HORA DE LA ÚLTIMA TRANSACCIÓN | |
| campo de control | 20200930023529.0 |
| 008 - DATOS DE LONGITUD FIJA--INFORMACIÓN GENERAL | |
| campo de control de longitud fija | 110209s1998 ck r 000 p spa d |
| 020 ## - NÚMERO INTERNACIONAL ESTÁNDAR DEL LIBRO | |
| Número Internacional Estándar del Libro | 9583600539 |
| 040 ## - FUENTE DE LA CATALOGACIÓN | |
| Centro catalogador/agencia de origen | DO-SdBNP |
| Lengua de catalogación | spa |
| Centro/agencia transcriptor | BNPHU |
| 082 ## - NÚMERO DE LA CLASIFICACIÓN DECIMAL DEWEY | |
| Número de clasificación | Co861.44 |
| Número de documento/Ítem | Q52c |
| 100 1# - ENTRADA PRINCIPAL--NOMBRE DE PERSONA | |
| Nombre de persona | Quessep, Giovanni |
| Forma completa/desarrollada del nombre | Giovanni Quessep Esguerra |
| Fechas asociadas al nombre | 1939- |
| 9 (RLIN) | 14407 |
| 245 10 - MENCIÓN DE TÍTULO | |
| Título | Carta imaginaria / |
| Mención de responsabilidad, etc. | Giovanni Quessep. |
| 260 ## - PUBLICACIÓN, DISTRIBUCIÓN, ETC. | |
| Lugar de publicación, distribución, etc. | Bogotá, (Colombia) : |
| Nombre del editor, distribuidor, etc. | El Áncora Editores, |
| Fecha de publicación, distribución, etc. | 1998. |
| 300 ## - DESCRIPCIÓN FÍSICA | |
| Extensión | 54 p. ; 21 cm. ; |
| Dimensiones | 21 cm. |
| 500 ## - NOTA GENERAL | |
| Nota general | Libro reseñado en : Boletín cultural y bibliográfico |
| 650 #4 - PUNTO DE ACCESO ADICIONAL DE MATERIA--TÉRMINO DE MATERIA | |
| Término de materia o nombre geográfico como elemento de entrada | Poesía colombiana |
| 9 (RLIN) | 3742 |
| 650 #4 - PUNTO DE ACCESO ADICIONAL DE MATERIA--TÉRMINO DE MATERIA | |
| Término de materia o nombre geográfico como elemento de entrada | Literatura colombiana |
| 9 (RLIN) | 1244 |
| Estado de retiro | Estado de pérdida | Restricciones de uso | No para préstamo | Código de colección | Localización permanente | Ubicación/localización actual | Ubicación en estantería | Fecha de adquisición | Número de inventario | Total de préstamos | Signatura topográfica completa | Código de barras | Fecha visto por última vez | Precio válido a partir de | Tipo de ítem Koha |
|---|---|---|---|---|---|---|---|---|---|---|---|---|---|---|---|
| Excluido de préstamo | Monografías: Libros y Folletos | General | General | Depósito | 09.02.2011 | LF1 | Co861.44 Q52c | 25045-10 | 25.06.2020 | 25.06.2020 | No se presta | ||||
| Monografías: Libros y Folletos | General | General | Orden iniciada | 29.05.2017 | LF1 | Co861.44 Q52c | 25045-20 | 25.06.2020 | 25.06.2020 | No se presta |
